书目信息 |
| 题名: |
黄顶菊监测与防治
|
|
| 作者: | 付卫东 , 张国良 , 王忠辉 著 | |
| 分册: | ||
| 出版信息: | 北京 中国农业出版社 2019.12 |
|
| 页数: | 224页 | |
| 开本: | 21cm | |
| 丛书名: | 外来入侵生物防控系列丛书 | |
| 单 册: | ||
| 中图分类: | Q949.783.5 , S451.1 | |
| 科图分类: | ||
| 主题词: | 菊科--ju ke--外来入侵植物--监测 , 菊科--ju ke--外来入侵植物--防治 | |
| 电子资源: | ||
| ISBN: | 978-7-109-26454-0 | |
| 000 | 01084nam 2200301 450 | |
| 001 | 0106081835 | |
| 005 | 20201106082045.0 | |
| 010 | @a978-7-109-26454-0@dCNY72.00 | |
| 100 | @a20200713d2019 em y0chiy50 ea | |
| 101 | 0 | @achi |
| 102 | @aCN@b110000 | |
| 105 | @aabk z 000yy | |
| 106 | @ar | |
| 200 | 1 | @a黄顶菊监测与防治@Ahuang ding ju jian ce yu fang zhi@f付卫东, 张国良, 王忠辉等著 |
| 210 | @a北京@c中国农业出版社@d2019.12 | |
| 215 | @a224页@c彩图,彩照,地图@d21cm | |
| 225 | 2 | @a外来入侵生物防控系列丛书@Awai lai ru qin sheng wu fang kong xi lie cong shu |
| 330 | @a本书共六章,内容包括:黄顶菊分类地位与形态特征、黄顶菊扩散与危害、黄顶菊生物学与生态学特性、黄顶菊检疫方法等。 | |
| 461 | 0 | @12001 @a外来入侵生物防控系列丛书 |
| 606 | 0 | @a菊科@Aju ke@x外来入侵植物@x监测 |
| 606 | 0 | @a菊科@Aju ke@x外来入侵植物@x防治 |
| 690 | @aQ949.783.5@v5 | |
| 690 | @aS451.1@v5 | |
| 701 | 0 | @a付卫东@Afu wei dong@4著 |
| 701 | 0 | @a张国良@Azhang guo liang@4著 |
| 701 | 0 | @a王忠辉@Awang zhong hui@4著 |
| 801 | 0 | @aCN@bBJSZM@c20201106 |
| 905 | @b1192776-9@dQ949.783.5@e451@f4 | |
| 黄顶菊监测与防治/付卫东, 张国良, 王忠辉等著.-北京:中国农业出版社,2019.12 |
| 224页:彩图,彩照,地图;21cm.-(外来入侵生物防控系列丛书) |
| ISBN 978-7-109-26454-0:CNY72.00 |
| 本书共六章,内容包括:黄顶菊分类地位与形态特征、黄顶菊扩散与危害、黄顶菊生物学与生态学特性、黄顶菊检疫方法等。 |
| ● |
| 相关链接 |
|
|
|
|
正题名:黄顶菊监测与防治
索取号:Q949.783.5/451
 
预约/预借
| 序号 | 登录号 | 条形码 | 馆藏地/架位号 | 状态 | 备注 |
| 1 | 1192776 | 211927762 | 第二样本阅览室/ [索取号:Q949.783.5/451] | 在馆 | |
| 2 | 1192777 | 211927771 | 第三借阅区/ [索取号:Q949.783.5/451] | 在馆 | |
| 3 | 1192778 | 211927780 | 第三借阅区/ [索取号:Q949.783.5/451] | 在馆 | |
| 4 | 1192779 | 211927799 | 第三借阅区/ [索取号:Q949.783.5/451] | 在馆 |